000 01005nam a22002537a 4500
999 _c6596
_d6596
003 OSt
005 20200225122424.0
008 200225s1996 ck a|||gr|||| 00| 0 spa d
040 _aCO-JMCR
_cCO-JMCR
082 0 4 _a241.4 /
_bV185s
100 1 _aValles, Carlos G.,
_eautor
_9915
245 1 _aSaber escoger :
_bEl arte del discernimiento /
_cCarlos G. Vallés
250 _aSegunda edición
260 _aBogotá :
_bSan pablo,
_c1996.
300 _a179 páginas :
_bilustraciones a blanco y negro ;
_c18 cm.
490 _aColección. Mensajes
500 _aDatos biográficos del autor en página [4].
520 _aSaberlo que queremos es algo fundamental en nuestra vida, y para el cristiano, implica también saber lo que dios quiere de mí y saber escoger, discernir, elegir y decidir. Todo esto requiere fe, valor, sabiduría, libertad..., método.
546 0 _aspa
650 2 4 _aVida espiritual
_9899
650 2 4 _aVida cristiana
_9916
650 2 4 _aFe en Dios
_9917
942 _2ddc
_cBK